000 00785nam a2200241 i 4500
003 DO-SdBNP
005 20240115122820.0
007 ta
008 240115b1913 dr ||||| |||| 00| 0 spa d
040 _aDO-SdBNP
_bspa
_cBNPHU
_erda
082 4 _222
110 2 _aInstituto Profesional de Santo Domingo :
_bFacultad de Derecho Civil
_984772
245 1 0 _aCarácter de la tutela en derecho internacional privado :
_btesis para la licenciatura /
_cEduardo M. Sánchez Cabral
264 _aSanto Domingo :
_bMontalvo Hnos.,
_c1913.
300 _a39 páginas ;
_c22 cm.
336 _2rdacontent
_atexto
_btxt
337 _2rdamedia
_asin mediación
_bn
338 _2rdacarrier
_avolumen
_bnc
500 _aTesis
590 _aInventariada, 2024/BT
910 _aBtavárez
942 _2ddc
_cLF2
999 _c55660
_d55660